Cadenas productivas sociales y objetivos del milenio en Cundinamarca : (Registro nro. 12362)

Detalles MARC
000 -LEADER
fixed length control field 01713cam a2200301 a 4500
003 - CONTROL NUMBER IDENTIFIER
control field OSt
005 - DATE AND TIME OF LATEST TRANSACTION
control field 20210906111028.0
008 - FIXED-LENGTH DATA ELEMENTS--GENERAL INFORMATION
fixed length control field 130306s2010 ck ad r 000 0 spa d
020 ## - INTERNATIONAL STANDARD BOOK NUMBER
International Standard Book Number 9789586523745
040 ## - CATALOGING SOURCE
Original cataloging agency CO-BoBLA
Language of cataloging spa
Transcribing agency CO-JMCR
041 0# - LANGUAGE CODE
Language code of text/sound track or separate title spa
082 04 - DEWEY DECIMAL CLASSIFICATION NUMBER
Classification number 338.9861 /
Item number A256c
Edition number 23
100 1# - MAIN ENTRY--PERSONAL NAME
Personal name Afanador Vargas, Benjamín,
Relator term autor
9 (RLIN) 39991
245 10 - TITLE STATEMENT
Title Cadenas productivas sociales y objetivos del milenio en Cundinamarca :
Remainder of title una visión desde la economía pública /
Statement of responsibility, etc. Benjamín Afanador Vargas y Luis Nelson Beltrán Mora
260 ## - PUBLICATION, DISTRIBUTION, ETC.
Place of publication, distribution, etc. Bogotá :
Name of publisher, distributor, etc. Escuela Superior de Administración Pública, Subdirección Académica, Facultad de Investigaciones,
Date of publication, distribution, etc. 2010.
300 ## - PHYSICAL DESCRIPTION
Extent 166 páginas :
Other physical details ilustraciones, diagramas y gráficas ;
Dimensions 24 cm.
500 ## - GENERAL NOTE
General note Incluye datos biográficos de los autores en tapa posterior y notas a pie de páginas.
504 ## - BIBLIOGRAPHY, ETC. NOTE
Bibliography, etc. note Bibliográficas : páginas 157-166.
505 ## - FORMATTED CONTENTS NOTE
Formatted contents note Modelos de desarrollo económico y cadenas productivas sociales. -- Cadenas productivas para acercar los objetivos del desarrollo milenio en Cundinamarca. -- Redes productivas sociales: alternativa de crecimiento con equidad social en Cundinamarca.
650 14 - SUBJECT ADDED ENTRY--TOPICAL TERM
Topical term or geographic name entry element Desarrollo económico y social
Geographic subdivision Cundinamarca (Colombia)
9 (RLIN) 39992
650 24 - SUBJECT ADDED ENTRY--TOPICAL TERM
Topical term or geographic name entry element Políticas de desarrollo
Geographic subdivision Cundinamarca (Colombia)
9 (RLIN) 39993
650 24 - SUBJECT ADDED ENTRY--TOPICAL TERM
Topical term or geographic name entry element Desarrollo regional
Geographic subdivision Cundinamarca (Colombia)
9 (RLIN) 39994
651 14 - SUBJECT ADDED ENTRY--GEOGRAPHIC NAME
Geographic name Cundinamarca (Colombia)
General subdivision Política económica
9 (RLIN) 39995
651 14 - SUBJECT ADDED ENTRY--GEOGRAPHIC NAME
Geographic name Cundinamarca (Colombia)
General subdivision Condiciones socioeconómicas
9 (RLIN) 39996
700 1# - ADDED ENTRY--PERSONAL NAME
Personal name Beltrán Mora, Luis Nelson,
Relator term autor
9 (RLIN) 7031
942 ## - ADDED ENTRY ELEMENTS (KOHA)
Source of classification or shelving scheme Dewey Decimal Classification
Koha item type Books
Existencias
Withdrawn status Lost status Source of classification or shelving scheme Damaged status Not for loan Home library Current library Shelving location Date acquired Source of acquisition Full call number Barcode Date last seen Copy number Price effective from Koha item type
    Dewey Decimal Classification     Biblioteca Pública José María del Castillo y Rada Biblioteca Pública José María del Castillo y Rada General Stacks 04/15/2018 Donación 338.9861 / A256c 430005863 05/16/2024 Ej.1 03/10/2021 Books